| 000 | 00972nam a2200277 i 4500 | ||
|---|---|---|---|
| 001 | bg | ||
| 245 | 0 | 0 |
_aFatigue testing and analysis : _b(theory and practice) / _cYung-Li Lee [et al.]. |
| 260 |
_aAmsterdam [etc.] : _bElsevier, _c2005. |
||
| 300 |
_aXIV, 402 s. : _brys., wykr. ; _c24 cm. |
||
| 504 | _aBibliogr. przy rozdz. - Indeks. | ||
| 650 | 9 |
_aWytrzymałość materiałów _xbadanie |
|
| 650 | 9 |
_aZmęczenie materiałów _xbadanie |
|
| 650 | 9 |
_aNaprężenia i odkształcenia _xbadanie |
|
| 650 | 9 |
_aPękanie _xbadanie |
|
| 650 | 9 |
_aEksperyment _xstosowanie _xtechnika |
|
| 650 | 9 |
_aProjektowanie _xzagadnienia |
|
| 700 | 1 | _aLEE, Yung-Li | |
| 020 | _a0750677198 | ||
| 040 | _cBPK | ||
| 041 | 0 | _aeng | |
| 080 | _a539.4:620.17 | ||
| 920 | _a0-7506-7719-8 | ||
| 942 | _cKS | ||
| 008 | s pl f |000 0 pol | ||
| 999 |
_c46413 _d46413 |
||
| 856 |
_uhttp://koha.tu.koszalin.pl/cgi-bin/koha/opac-detail.pl?biblionumber=46413 _yKatalog online BPK |
||